000 00379nam a2200121Ia 4500
005 20260328104344.0
008 260328s9999||||xx |||||||||||||| ||und||
100 _aInstituto Nacional de Cultura
245 0 _aSala Historia del convento de Santo Domingo :
_bMuseo de Arte religioso Colonial /
_cInstituto Nacional de Cultura
300 _a16 p.
650 _aPANAMÁ
942 _cBK
999 _c12231
_d12231